|
|
|
|
| LEADER |
01711nam a2200361 a 4500 |
| 001 |
72 |
| 003 |
BD-DhAAL |
| 005 |
20150224093607.0 |
| 008 |
150224s1992 cau b 001 0 eng |
| 010 |
|
|
|a 91045365
|
| 020 |
|
|
|a 0803941943
|
| 020 |
|
|
|a 0803941951
|
| 040 |
|
|
|a DLC
|c DLC
|d DLC
|d BD-DhAAL
|
| 050 |
0 |
0 |
|a HQ1062
|b .F36 1992
|
| 082 |
0 |
0 |
|a 306.3/8
|2 20
|
| 245 |
0 |
0 |
|a Families and retirement /
|c Maximiliane Szinovacz, David J. Ekerdt, Barbara H. Vinick, editors.
|
| 260 |
|
|
|a Newbury Park :
|b Sage Publications,
|c c1992.
|
| 300 |
|
|
|a xv, 304 p. ;
|c 24 cm.
|
| 490 |
0 |
|
|a Sage focus editions
|
| 504 |
|
|
|a Includes bibliographical references (262-284) and indexes.
|
| 541 |
|
|
|e 72
|
| 650 |
|
0 |
|a Retirement.
|9 5884
|
| 650 |
|
0 |
|a Retirees
|x Family relationships.
|9 8726
|
| 650 |
|
0 |
|a Retirement
|z United States.
|9 8727
|
| 700 |
1 |
|
|a Szinovácz, Maximiliane.
|9 8728
|
| 700 |
1 |
|
|a Ekerdt, David J.
|q (David Joseph),
|d 1949-
|9 8729
|
| 700 |
1 |
|
|a Vinick, Barbara H.
|9 8730
|
| 942 |
|
|
|2 ddc
|c BK
|
| 999 |
|
|
|c 33777
|d 33777
|
| 952 |
|
|
|0 0
|1 0
|2 ddc
|4 0
|6 306_380000000000000_FAM
|7 0
|9 52747
|a SCL
|b SCL
|c GEN
|d 2015-02-24
|e Gift: The Asia Foundation
|l 0
|o 306.38 FAM
|p 3020000072
|r 2015-02-24
|t 1
|w 2015-02-24
|y BK
|
| 952 |
|
|
|0 0
|1 0
|2 ddc
|4 0
|6 306_380000000000000_FAM
|7 0
|9 52748
|a SCL
|b SCL
|c GEN
|d 2015-02-24
|e Gift: The Asia Foundation
|l 0
|o 306.38 FAM
|p 3020001545
|r 2015-02-24
|t 2
|w 2015-02-24
|y BK
|
| 952 |
|
|
|0 0
|1 0
|2 ddc
|4 0
|6 306_380000000000000_FAM
|7 0
|9 52749
|a SCL
|b SCL
|c GEN
|d 2015-02-24
|e Gift: The Asia Foundation
|l 0
|o 306.38 FAM
|p 3020000301
|r 2015-02-24
|t 3
|w 2015-02-24
|y BK
|
| 952 |
|
|
|0 0
|1 0
|2 ddc
|4 0
|6 306_380000000000000_FAM
|7 0
|9 52755
|a SCL
|b SCL
|c GEN
|d 2015-02-24
|e Gift: The Asia Foundation
|l 0
|o 306.38 FAM
|p 3020001466
|r 2015-02-24
|t 4
|w 2015-02-24
|y BK
|